00672nam a2200193 i 4500001000300000245012500003260005200128300002600180490004500206504003600251650003300287700002100320830004500341020001500386040000800401041000800409080002000417008004100437bg00aInterfaces between second language acquisition and language testing research /ced. by Lyle F. Bachman, Andrew D. Cohen. aCambridge :bCambridge University Press,c1998. aXIV, 202 s. ;c23 cm.1 aThe Cambridge Applied Linguistics Series aBibliogr. przy rozdz. - Indeks. 9aJęzykixnauczaniexbadanie1 aCOHEN, Andrew D. aThe Cambridge Applied Linguistics Series a0521649633 cBPK0 agbr a372.881.1:81'24 s pl f |000 0 pol